Online
Catalog

Premio de cuento Juan Bosch . (Record no. 43019)

MARC details
000 -CABECERA
campo de control de longitud fija 01763nam a2200373 a 4500
001 - NÚMERO DE CONTROL
campo de control 000043530
003 - IDENTIFICADOR DEL NÚMERO DE CONTROL
campo de control DO-SdBNP
005 - FECHA Y HORA DE LA ÚLTIMA TRANSACCIÓN
campo de control 20260428073714.0
008 - DATOS DE LONGITUD FIJA--INFORMACIÓN GENERAL
campo de control de longitud fija 140324s2009 dr 000 0 spa d
020 ## - NÚMERO INTERNACIONAL ESTÁNDAR DEL LIBRO
Número Internacional Estándar del Libro 9789945412338
040 ## - FUENTE DE LA CATALOGACIÓN
Centro catalogador/agencia de origen DO-SdBNP
Lengua de catalogación spa
Centro/agencia transcriptor BNPHU
082 #4 - NÚMERO DE LA CLASIFICACIÓN DECIMAL DEWEY
Número de clasificación RD863.44
Número de documento/Ítem P925p
111 2# - ENTRADA PRINCIPAL--NOMBRE DE CONGRESO/REUNIÓN
Nombre de congreso/reunión o jurisdicción como elemento de entrada Premio Funglode Cuento
Fecha del congreso/reunión (2008:
Sede del congreso/Lugar de la reunión Santo Domingo)
9 (RLIN) 71281
245 10 - MENCIÓN DE TÍTULO
Título Premio de cuento Juan Bosch .
260 ## - PUBLICACIÓN, DISTRIBUCIÓN, ETC.
Lugar de publicación, distribución, etc. Santo Domingo :
Nombre del editor, distribuidor, etc. FUNGLODE,
Fecha de publicación, distribución, etc. 2009.
300 ## - DESCRIPCIÓN FÍSICA
Extensión 91 p. ;
Dimensiones 26 cm.
490 0# - MENCIÓN DE SERIE
Mención de serie Premios Funglode/ 2008
-- cuento
505 0# - NOTA DE CONTENIDO CON FORMATO
Información miscelánea Primer lugar
Título Menú para dos /
Mención de responsabilidad Gerhard Viktor Schmidt Haberl --
Información miscelánea Segundo lugar
Título Yo sé que no tiene sentido, pero igual /
Mención de responsabilidad Danilo A. Rodríguez --
Información miscelánea tercer lugar --
Título Oir y nada decir /
Mención de responsabilidad Alexis Gómez Rosa --
Información miscelánea primera mensión --
Título Las tres y un cuarto /
Mención de responsabilidad Willy Suriel, --
Información miscelánea segunda mensión --
Título Seis Balas en el tambor --
Mención de responsabilidad José Carlos Nazario --
Información miscelánea Tercera mesión --
Título Proud
Mención de responsabilidad Gladys Francina Martínez Álvarez,
586 ## - NOTA DE PREMIOS
Nota de premios Premios Funglode 2008
590 ## - NOTA LOCAL (RLIN)
Nota local Inventariado, 2019/VM
650 10 - PUNTO DE ACCESO ADICIONAL DE MATERIA--TÉRMINO DE MATERIA
Término de materia o nombre geográfico como elemento de entrada Cuentos dominicanos
9 (RLIN) 176
650 10 - PUNTO DE ACCESO ADICIONAL DE MATERIA--TÉRMINO DE MATERIA
Término de materia o nombre geográfico como elemento de entrada Literatura dominicana.
9 (RLIN) 67
650 14 - PUNTO DE ACCESO ADICIONAL DE MATERIA--TÉRMINO DE MATERIA
Término de materia o nombre geográfico como elemento de entrada Certámenes literarios
9 (RLIN) 1541
650 10 - PUNTO DE ACCESO ADICIONAL DE MATERIA--TÉRMINO DE MATERIA
Término de materia o nombre geográfico como elemento de entrada Premios literarios
9 (RLIN) 1542
700 12 - PUNTO DE ACCESO ADICIONAL--NOMBRE DE PERSONA
Nombre de persona Schmidt Haberl, Gerhard Viktor
Títulos y otros términos asociados al nombre Menú para dos
9 (RLIN) 71282
700 12 - PUNTO DE ACCESO ADICIONAL--NOMBRE DE PERSONA
Nombre de persona Rodríguez, Danilo A.
Títulos y otros términos asociados al nombre Yo sé que no tiene sentido, pero igual
9 (RLIN) 71283
700 12 - PUNTO DE ACCESO ADICIONAL--NOMBRE DE PERSONA
Nombre de persona Gómez Rosa, Alexis
Título de la obra Oir y nada decir, una mañana
9 (RLIN) 71284
700 12 - PUNTO DE ACCESO ADICIONAL--NOMBRE DE PERSONA
Nombre de persona Suriel, Willy
Título de la obra Las tres y un cuarto
9 (RLIN) 71285
700 12 - PUNTO DE ACCESO ADICIONAL--NOMBRE DE PERSONA
Nombre de persona Nazario, José Carlos
Título de la obra Seis Balas en el tambor
9 (RLIN) 71286
700 12 - PUNTO DE ACCESO ADICIONAL--NOMBRE DE PERSONA
Nombre de persona Martínez Álvarez, Gladys Francina
Título de la obra Proud
9 (RLIN) 71287
710 2# - PUNTO DE ACCESO ADICIONAL--NOMBRE DE ENTIDAD CORPORATIVA
Nombre de entidad corporativa o nombre de jurisdicción como elemento de entrada Fundación Global Democracía y Desarrollo
9 (RLIN) 25477
910 ## - DATOS DE OPCIÓN DEL USUARIO (OCLC)
Datos de opción del usuario Validado. Control de calidad MFF
942 ## - ELEMENTOS DE PUNTO DE ACCESO ADICIONAL (KOHA)
Fuente del sistema de clasificación o colocación Dewey Decimal Classification
Tipo de ítem Koha Libro
Holdings
Estado de retiro Estado de pérdida Fuente del sistema de clasificación o colocación No para préstamo Código de colección Localización permanente Ubicación/localización actual Ubicación en estantería Fecha de adquisición Número de inventario Total de préstamos Signatura topográfica completa Código de barras Fecha visto por última vez Número de copia Precio válido a partir de Tipo de ítem Koha
    Dewey Decimal Classification Préstamo en sala Dominicana de Servicio Biblioteca Nacional Pedro Henríquez Ureña Dominicana Depósito 24.03.2014 LF1   BNPHU DS RD 863.44 P925p 43530-30 25.06.2020 e.3 25.06.2020 Libro y Folleto Colección Dominicana de Servicio
    Dewey Decimal Classification Préstamo en sala Monografías: Libros y Folletos Biblioteca Nacional Pedro Henríquez Ureña Dominicana Depósito 24.03.2014 LF1   BNPHU DS RD863.44 P925p   30.08.2021 e.4 25.06.2020 Préstamo en sala
    Dewey Decimal Classification Excluido de préstamo Patrimonio Dominicano Biblioteca Nacional Pedro Henríquez Ureña Patrimonio Dominicano Depósito 24.03.2014 LF1   BNPHU PD RD863.44 P925p 43530-10 25.06.2020   25.06.2020 Libro y Folleto Colección Patrimonio Dominicano
    Dewey Decimal Classification Excluido de préstamo Patrimonio Dominicano Biblioteca Nacional Pedro Henríquez Ureña Patrimonio Dominicano Depósito 24.03.2014 LF1   BNPHU PD RD863.44 P925p 43530-20 25.06.2020 e.2 25.06.2020 Libro y Folleto Colección Patrimonio Dominicano

Powered by Koha